000 00408nam a2200181Ia 4500
001 2527
005 20260306144813.0
008 260306t1965||||xx |||||||||||||| ||spa||
041 _aESP
082 _a616.8914
_bM27
100 _aMaslow, A.H.
_eAUT
245 0 _aMétodos psicoterapeúticos
260 _c1965
300 _apágs. :
_ccm.
650 _aGEN
654 _aCPS
942 _cLIB
_dJUS
_fJUS
_2ddc
_n
999 _c2527
_d2527